000 00429nam a2200169Ia 4500
003 LK-CoDNM
008 010623t1947 xxu||||| |||| 00| 1 eng d
040 _aLK-CoDNM
_dLK-CoDNM
_eLK-CoDNM
041 _aeng
080 _a954 KAB
100 _aKabir,Humayun.
245 _aOur Heritage
260 _bNational Information of Publications Ltd.
_aBombay
_c1947
300 _b98p,illus., 10 cm
650 _aHistory
942 _cBK
999 _c101053
_d101053